Major 3rd Party Candidates Quiz Stats

 Plays Quiz Updated Jul 11, 2019

Score 0/27 Timer 06:00
0 Plays Today
Year (Party) Candidate % Correct
2000 (Green and others)Ralph Nader
87.7%
1996 (Reform)H. Ross Perot
83.3%
1992 (Independent)H. Ross Perot
83.3%
2016 (Libertarian)Gary Johnson
79.3%
1912 (Progressive or 'Bull Moose')Theodore Roosevelt
75.6%
1968 (American Ind.)George Wallace
46.1%
1948 (Progressive)Henry Wallace
45.5%
1920 (Socialist)Eugene Debs
42.2%
1912 (Socialist)Eugene Debs
42.2%
1908 (Socialist)Eugene Debs
42.2%
1904 (Socialist)Eugene Debs
42.2%
1948 (State's Rights)J. Strom Thurmond
39.1%
1980 (Independent)John Anderson
31.7%
1856 (American or 'Know Nothing')Millard Fillmore
24.3%
Year (Party) Candidate % Correct
1848 (Free Soil)Martin Van Buren
22.1%
1860 (Southern Democrat)John Breckinridge
22%
1860 (Constitutional Union)John Bell
19%
1924 (Progressive)Robert LaFollette
17.6%
1932 (Socialist)Norman Thomas
8.9%
1880 (Greenback)James Weaver
7.8%
1892 (Populist)James Weaver
7.8%
1832 (Anti-Masonic)William Wirt
6%
1844 (Liberty)James Birney
3.5%
1852 (Free Soil)John Hale
3%
1888 (Prohibition)Clinton Fisk
2.8%
1916 (Socialist)Allan Benson
2.7%
1892 (Prohibition)John Bidwell
2.4%

You're not logged in!

Compare scores with friends on all Sporcle quizzes.
OR
Log In

Sporcle TV

Today on Sporcle TV


Watch our educational content, quiz creation guides, and fun videos on Sporcle TV.

Show Comments

Extras

Top Quizzes Today


Score Distribution

Your Account Isn't Verified!

In order to create a playlist on Sporcle, you need to verify the email address you used during registration. Go to your Sporcle Settings to finish the process.

Report this User

Report this user for behavior that violates our Community Guidelines.

Details: